[Event "DEM U12w 2024"]
[Site "Willingen GER"]
[Date "2024.05.21"]
[Round "4"]
[White "Chen, Yueyi"]
[Black "Komar, Valerie"]
[Result "0-1"]
[Termination "normal"]
[Board "1"]
[WhiteElo "1795"]
[BlackElo "1769"]
[WhiteClock "00:54:20"]
[BlackClock "00:40:46"]
[PlyCount "106"]
[WhiteFideId "34653902"]
[BlackFideId "34139664"]
[EventCountry "GER"]
[EventRounds "9"]
[EventType "swiss"]
[EventDate "2024.05.18"]

1. e4 {[%clk 01:30:58]} {[%emt 00:00:01]} e5 {[%clk 01:30:57]} {[%emt
00:00:03]} 2. Nf3 {[%clk 01:31:22]} {[%emt 00:00:06]} Nf6 {[%clk 01:31:23]}
{[%emt 00:00:04]} 3. Nxe5 {[%clk 01:31:45]} {[%emt 00:00:07]} d6 {[%clk
01:31:50]} {[%emt 00:00:03]} 4. Nf3 {[%clk 01:32:09]} {[%emt 00:00:06]} Nxe4
{[%clk 01:32:16]} {[%emt 00:00:04]} 5. d4 {[%clk 01:32:31]} {[%emt 00:00:07]}
d5 {[%clk 01:32:34]} {[%emt 00:00:13]} 6. Bd3 {[%clk 01:32:47]} {[%emt
00:00:13]} Nc6 {[%clk 01:33:00]} {[%emt 00:00:05]} 7. O-O {[%clk 01:31:08]}
{[%emt 00:02:08]} Be7 {[%clk 01:33:27]} {[%emt 00:00:03]} 8. c4 {[%clk
01:29:37]} {[%emt 00:02:01]} Nf6 {[%clk 01:20:49]} {[%emt 00:13:08]} 9. Bg5
{[%clk 01:24:45]} {[%emt 00:05:21]} Bg4 {[%clk 01:14:22]} {[%emt 00:06:57]} 10.
Be2 {[%clk 01:21:57]} {[%emt 00:03:19]} dxc4 {[%clk 01:05:02]} {[%emt
00:09:51]} 11. Nc3 {[%clk 01:15:14]} {[%emt 00:07:12]} O-O {[%clk 01:01:00]}
{[%emt 00:04:32]} 12. d5 {[%clk 01:13:25]} {[%emt 00:02:20]} Bxf3 {[%clk
00:59:07]} {[%emt 00:02:23]} 13. Bxf3 {[%clk 01:07:40]} {[%emt 00:06:15]} Ne5
{[%clk 00:59:01]} {[%emt 00:00:34]} 14. Bxf6 {[%clk 01:07:25]} {[%emt
00:00:46]} Bxf6 {[%clk 00:58:28]} {[%emt 00:01:04]} 15. Be4 {[%clk 01:07:00]}
{[%emt 00:00:55]} Qd6 {[%clk 00:57:32]} {[%emt 00:01:26]} 16. Re1 {[%clk
01:03:13]} {[%emt 00:04:17]} Rad8 {[%clk 00:54:26]} {[%emt 00:03:36]} 17. Re3
{[%clk 01:02:08]} {[%emt 00:01:34]} g6 {[%clk 00:53:06]} {[%emt 00:01:50]} 18.
Rg3 {[%clk 00:58:37]} {[%emt 00:04:01]} Bg7 {[%clk 00:52:46]} {[%emt 00:00:50]}
19. h4 {[%clk 00:56:06]} {[%emt 00:03:01]} f5 {[%clk 00:49:25]} {[%emt
00:03:52]} 20. Bf3 {[%clk 00:55:51]} {[%emt 00:00:44]} Nd3 {[%clk 00:45:37]}
{[%emt 00:04:18]} 21. Qd2 {[%clk 00:50:03]} {[%emt 00:06:18]} Bd4 {[%clk
00:44:35]} {[%emt 00:01:32]} 22. Rg5 {[%clk 00:47:52]} {[%emt 00:02:41]} Bxf2+
{[%clk 00:43:27]} {[%emt 00:01:38]} 23. Kh1 {[%clk 00:47:43]} {[%emt 00:00:39]}
Bxh4 {[%clk 00:41:37]} {[%emt 00:02:20]} 24. Nb5 {[%clk 00:46:54]} {[%emt
00:01:20]} Qf6 {[%clk 00:38:51]} {[%emt 00:03:15]} 25. Nxc7 {[%clk 00:45:32]}
{[%emt 00:01:53]} Bxg5 {[%clk 00:37:18]} {[%emt 00:02:02]} 26. Qc3 {[%clk
00:45:38]} {[%emt 00:00:24]} Qxc3 {[%clk 00:37:00]} {[%emt 00:00:49]} 27. bxc3
{[%clk 00:46:01]} {[%emt 00:00:07]} Nc5 {[%clk 00:37:06]} {[%emt 00:00:25]} 28.
Rd1 {[%clk 00:46:08]} {[%emt 00:00:23]} Bf4 {[%clk 00:36:51]} {[%emt 00:00:44]}
29. Nb5 {[%clk 00:46:19]} {[%emt 00:00:20]} a6 {[%clk 00:36:44]} {[%emt
00:00:37]} 30. Nd4 {[%clk 00:46:37]} {[%emt 00:00:12]} Be5 {[%clk 00:36:55]}
{[%emt 00:00:18]} 31. Ne2 {[%clk 00:46:54]} {[%emt 00:00:13]} g5 {[%clk
00:37:10]} {[%emt 00:00:15]} 32. g4 {[%clk 00:46:59]} {[%emt 00:00:26]} Nd3
{[%clk 00:36:25]} {[%emt 00:01:15]} 33. Kg1 {[%clk 00:47:03]} {[%emt 00:00:23]}
Kg7 {[%clk 00:35:58]} {[%emt 00:01:00]} 34. Nd4 {[%clk 00:47:01]} {[%emt
00:00:32]} Bxd4+ {[%clk 00:36:13]} {[%emt 00:00:15]} 35. cxd4 {[%clk 00:47:26]}
{[%emt 00:00:05]} fxg4 {[%clk 00:36:27]} {[%emt 00:00:16]} 36. Bg2 {[%clk
00:47:35]} {[%emt 00:00:20]} Nf4 {[%clk 00:36:29]} {[%emt 00:00:28]} 37. Bf1
{[%clk 00:47:55]} {[%emt 00:00:10]} c3 {[%clk 00:35:49]} {[%emt 00:01:11]} 38.
Rc1 {[%clk 00:48:12]} {[%emt 00:00:13]} Nxd5 {[%clk 00:35:56]} {[%emt
00:00:23]} 39. Bc4 {[%clk 00:48:30]} {[%emt 00:00:13]} Ne3 {[%clk 00:36:11]}
{[%emt 00:00:14]} 40. Rxc3 {[%clk 00:48:50]} {[%emt 00:00:11]} Nxc4 {[%clk
00:36:21]} {[%emt 00:00:20]} 41. Rxc4 {[%clk 00:49:15]} {[%emt 00:00:05]} h5
{[%clk 00:36:39]} {[%emt 00:00:12]} 42. Kg2 {[%clk 00:49:40]} {[%emt 00:00:04]}
h4 {[%clk 00:37:00]} {[%emt 00:00:09]} 43. d5 {[%clk 00:50:02]} {[%emt
00:00:08]} Rxd5 {[%clk 00:37:15]} {[%emt 00:00:14]} 44. Rxg4 {[%clk 00:50:27]}
{[%emt 00:00:05]} Rd2+ {[%clk 00:37:41]} {[%emt 00:00:04]} 45. Kg1 {[%clk
00:50:52]} {[%emt 00:00:05]} Kh6 {[%clk 00:37:49]} {[%emt 00:00:22]} 46. Rg2
{[%clk 00:51:15]} {[%emt 00:00:07]} Rxg2+ {[%clk 00:38:12]} {[%emt 00:00:08]}
47. Kxg2 {[%clk 00:51:41]} {[%emt 00:00:04]} g4 {[%clk 00:38:40]} {[%emt
00:00:03]} 48. Kh2 {[%clk 00:52:07]} {[%emt 00:00:04]} Rf2+ {[%clk 00:39:06]}
{[%emt 00:00:04]} 49. Kg1 {[%clk 00:52:34]} {[%emt 00:00:03]} g3 {[%clk
00:39:31]} {[%emt 00:00:05]} 50. Kh1 {[%clk 00:53:01]} {[%emt 00:00:02]} h3
{[%clk 00:39:56]} {[%emt 00:00:06]} 51. Kg1 {[%clk 00:53:29]} {[%emt 00:00:02]}
Kg5 {[%clk 00:40:19]} {[%emt 00:00:07]} 52. a4 {[%clk 00:53:54]} {[%emt
00:00:06]} a5 {[%clk 00:40:46]} {[%emt 00:00:03]} 53. Kh1 {[%clk 00:54:20]}
{[%emt 00:00:04]} Rf1# {[%emt 00:00:19]} 0-1

[Event "DEM U12w 2024"]
[Site "Willingen GER"]
[Date "2024.05.21"]
[Round "4"]
[White "Schirmbeck, Lilian"]
[Black "Busch, Lara Sophie"]
[Result "1/2-1/2"]
[Termination "normal"]
[Board "2"]
[WhiteTitle "WCM"]
[WhiteElo "1790"]
[BlackElo "1585"]
[WhiteClock "00:23:27"]
[BlackClock "00:41:05"]
[PlyCount "90"]
[WhiteFideId "34620532"]
[BlackFideId "34664866"]
[EventCountry "GER"]
[EventRounds "9"]
[EventType "swiss"]
[EventDate "2024.05.18"]

1. d4 {[%clk 01:30:59]} {[%emt 00:00:01]} Nf6 {[%clk 01:30:51]} {[%emt
00:00:10]} 2. Nf3 {[%clk 01:31:24]} {[%emt 00:00:04]} d5 {[%clk 01:31:05]}
{[%emt 00:00:16]} 3. g3 {[%clk 01:31:44]} {[%emt 00:00:10]} c5 {[%clk
01:30:58]} {[%emt 00:00:37]} 4. c3 {[%clk 01:27:23]} {[%emt 00:04:52]} Nc6
{[%clk 01:30:33]} {[%emt 00:00:54]} 5. Bg2 {[%clk 01:27:08]} {[%emt 00:00:45]}
Bf5 {[%clk 01:27:20]} {[%emt 00:03:43]} 6. O-O {[%clk 01:25:29]} {[%emt
00:02:09]} e6 {[%clk 01:27:09]} {[%emt 00:00:41]} 7. Qa4 {[%clk 01:16:04]}
{[%emt 00:09:54]} c4 {[%clk 01:21:28]} {[%emt 00:06:12]} 8. Ne5 {[%clk
01:05:38]} {[%emt 00:10:56]} Qa5 {[%clk 01:16:30]} {[%emt 00:05:26]} 9. Qxa5
{[%clk 01:04:09]} {[%emt 00:02:01]} Nxa5 {[%clk 01:16:48]} {[%emt 00:00:11]}
10. Nd2 {[%clk 01:02:30]} {[%emt 00:02:09]} Bd6 {[%clk 01:15:31]} {[%emt
00:01:47]} 11. b4 {[%clk 00:52:39]} {[%emt 00:10:22]} Nc6 {[%clk 01:15:22]}
{[%emt 00:00:39]} 12. Nxc6 {[%clk 00:52:44]} {[%emt 00:00:25]} bxc6 {[%clk
01:15:40]} {[%emt 00:00:12]} 13. Nxc4 {[%clk 00:48:35]} {[%emt 00:04:40]} Bc7
{[%clk 01:10:03]} {[%emt 00:06:05]} 14. Nd2 {[%clk 00:45:03]} {[%emt 00:04:01]}
a5 {[%clk 01:07:50]} {[%emt 00:02:45]} 15. Bb2 {[%clk 00:41:09]} {[%emt
00:04:25]} O-O {[%clk 01:05:14]} {[%emt 00:03:06]} 16. a3 {[%clk 00:39:44]}
{[%emt 00:01:54]} Rfb8 {[%clk 00:55:53]} {[%emt 00:09:51]} 17. Rac1 {[%clk
00:35:49]} {[%emt 00:04:25]} Bd6 {[%clk 00:52:21]} {[%emt 00:03:57]} 18. f3
{[%clk 00:27:02]} {[%emt 00:09:22]} e5 {[%clk 00:47:09]} {[%emt 00:05:42]} 19.
e4 {[%clk 00:25:29]} {[%emt 00:02:04]} Be6 {[%clk 00:45:33]} {[%emt 00:02:05]}
20. dxe5 {[%clk 00:21:07]} {[%emt 00:04:53]} Bxe5 {[%clk 00:45:39]} {[%emt
00:00:24]} 21. f4 {[%clk 00:19:36]} {[%emt 00:02:01]} Bc7 {[%clk 00:44:32]}
{[%emt 00:01:36]} 22. exd5 {[%clk 00:17:58]} {[%emt 00:02:09]} cxd5 {[%clk
00:43:39]} {[%emt 00:01:23]} 23. h3 {[%clk 00:16:44]} {[%emt 00:01:44]} axb4
{[%clk 00:41:46]} {[%emt 00:02:22]} 24. cxb4 {[%clk 00:16:49]} {[%emt
00:00:25]} Bb6+ {[%clk 00:41:39]} {[%emt 00:00:37]} 25. Kh2 {[%clk 00:16:26]}
{[%emt 00:00:53]} Be3 {[%clk 00:41:05]} {[%emt 00:01:04]} 26. Rcd1 {[%clk
00:14:37]} {[%emt 00:02:19]} Ra6 {[%clk 00:39:39]} {[%emt 00:01:56]} 27. f5
{[%clk 00:13:51]} {[%emt 00:01:17]} Bd7 {[%clk 00:38:30]} {[%emt 00:01:15]} 28.
Rfe1 {[%clk 00:07:25]} {[%emt 00:07:19]} Ba4 {[%clk 00:37:20]} {[%emt
00:01:32]} 29. Rxe3 {[%clk 00:06:45]} {[%emt 00:01:18]} Bxd1 {[%clk 00:37:35]}
{[%emt 00:00:15]} 30. Bxf6 {[%clk 00:05:57]} {[%emt 00:01:18]} Rxf6 {[%clk
00:35:57]} {[%emt 00:02:08]} 31. Bxd5 {[%clk 00:04:08]} {[%emt 00:02:19]} Rxf5
{[%clk 00:34:31]} {[%emt 00:01:56]} 32. Bg2 {[%clk 00:04:28]} {[%emt 00:00:09]}
h6 {[%clk 00:34:08]} {[%emt 00:00:54]} 33. Ne4 {[%clk 00:04:07]} {[%emt
00:00:51]} Re5 {[%clk 00:32:53]} {[%emt 00:01:39]} 34. Rc3 {[%clk 00:04:17]}
{[%emt 00:00:25]} Re7 {[%clk 00:29:36]} {[%emt 00:03:43]} 35. Rc5 {[%clk
00:03:37]} {[%emt 00:01:15]} Ra7 {[%clk 00:27:35]} {[%emt 00:02:28]} 36. Rc3
{[%clk 00:03:23]} {[%emt 00:00:47]} Rd8 {[%clk 00:24:26]} {[%emt 00:03:36]} 37.
b5 {[%clk 00:02:23]} {[%emt 00:01:34]} Ra5 {[%clk 00:20:50]} {[%emt 00:04:01]}
38. b6 {[%clk 00:02:24]} {[%emt 00:00:34]} Rb5 {[%clk 00:20:54]} {[%emt
00:00:23]} 39. b7 {[%clk 00:02:33]} {[%emt 00:00:24]} Rxb7 {[%clk 00:19:34]}
{[%emt 00:01:50]} 40. Nf6+ {[%clk 00:02:50]} {[%emt 00:00:13]} gxf6 {[%clk
00:19:52]} {[%emt 00:00:12]} 41. Bxb7 {[%clk 00:03:13]} {[%emt 00:00:07]} Rd2+
{[%clk 00:19:15]} {[%emt 00:01:06]} 42. Kg1 {[%clk 00:02:46]} {[%emt 00:00:53]}
Kg7 {[%clk 00:17:21]} {[%emt 00:02:27]} 43. Be4 {[%clk 00:27:50]} {[%emt
00:05:21]} Ra2 {[%clk 00:43:19]} {[%emt 00:04:30]} 44. Bd5 {[%clk 00:23:41]}
{[%emt 00:04:45]} Rd2 {[%clk 00:41:33]} {[%emt 00:02:16]} 45. Bc6 {[%clk
00:23:27]} {[%emt 00:00:43]} Ra2 {[%clk 00:41:05]} {[%emt 00:00:57]} 1/2-1/2

[Event "DEM U12w 2024"]
[Site "Willingen GER"]
[Date "2024.05.21"]
[Round "4"]
[White "Bohatyrova, Mariia"]
[Black "Fettan, Nua"]
[Result "1-0"]
[Termination "normal"]
[Board "3"]
[WhiteElo "1588"]
[BlackElo "1601"]
[WhiteClock "00:21:21"]
[BlackClock "00:27:47"]
[PlyCount "115"]
[WhiteFideId "34165789"]
[BlackFideId "34637362"]
[EventCountry "GER"]
[EventRounds "9"]
[EventType "swiss"]
[EventDate "2024.05.18"]

1. e4 {[%clk 01:30:53]} {[%emt 00:00:07]} e5 {[%clk 01:30:54]} {[%emt
00:00:06]} 2. Nc3 {[%clk 01:31:19]} {[%emt 00:00:03]} Nf6 {[%clk 01:29:33]}
{[%emt 00:01:51]} 3. Bc4 {[%clk 01:31:43]} {[%emt 00:00:06]} Nc6 {[%clk
01:29:54]} {[%emt 00:00:09]} 4. d3 {[%emt 00:00:17]} Bc5 {[%clk 01:29:38]}
{[%emt 00:00:43]} 5. f4 {[%clk 01:32:03]} {[%emt 00:00:26]} Na5 {[%clk
01:21:54]} {[%emt 00:08:14]} 6. Bb3 {[%clk 01:32:22]} {[%emt 00:00:12]} Nxb3
{[%clk 01:19:05]} {[%emt 00:03:20]} 7. axb3 {[%clk 01:32:45]} {[%emt 00:00:06]}
d6 {[%clk 01:17:30]} {[%emt 00:02:06]} 8. Na4 {[%clk 01:29:52]} {[%emt
00:03:22]} Bxg1 {[%clk 01:12:19]} {[%emt 00:05:41]} 9. Rxg1 {[%clk 01:30:06]}
{[%emt 00:00:17]} Ng4 {[%clk 01:11:45]} {[%emt 00:01:03]} 10. Rh1 {[%clk
01:24:04]} {[%emt 00:06:31]} h5 {[%clk 01:09:41]} {[%emt 00:02:35]} 11. Qe2
{[%clk 01:15:54]} {[%emt 00:08:39]} Qf6 {[%clk 01:01:01]} {[%emt 00:09:05]} 12.
Nc3 {[%clk 00:28:27]} {[%emt 00:48:02]} c6 {[%clk 00:57:06]} {[%emt 00:04:26]}
13. g3 {[%clk 00:26:50]} {[%emt 00:02:08]} h4 {[%clk 00:48:24]} {[%emt
00:09:11]} 14. f5 {[%clk 00:25:23]} {[%emt 00:01:57]} Nh6 {[%clk 00:46:05]}
{[%emt 00:02:49]} 15. g4 {[%clk 00:25:28]} {[%emt 00:00:25]} g5 {[%clk
00:42:16]} {[%emt 00:04:19]} 16. h3 {[%clk 00:23:45]} {[%emt 00:02:12]} Qd8
{[%clk 00:41:00]} {[%emt 00:01:47]} 17. Be3 {[%clk 00:22:45]} {[%emt 00:01:29]}
b6 {[%clk 00:39:27]} {[%emt 00:02:04]} 18. Qf2 {[%clk 00:22:27]} {[%emt
00:00:46]} Bb7 {[%clk 00:38:43]} {[%emt 00:01:15]} 19. Qd2 {[%clk 00:18:56]}
{[%emt 00:04:01]} f6 {[%clk 00:39:02]} {[%emt 00:00:12]} 20. Kf2 {[%clk
00:18:38]} {[%emt 00:00:47]} Ng8 {[%clk 00:35:39]} {[%emt 00:03:54]} 21. Rhd1
{[%clk 00:18:00]} {[%emt 00:01:08]} c5 {[%clk 00:34:46]} {[%emt 00:01:23]} 22.
Kg1 {[%clk 00:14:53]} {[%emt 00:03:35]} Ne7 {[%clk 00:33:35]} {[%emt 00:01:42]}
23. Bf2 {[%clk 00:09:10]} {[%emt 00:06:13]} d5 {[%clk 00:32:54]} {[%emt
00:01:11]} 24. Qe2 {[%clk 00:09:08]} {[%emt 00:00:31]} O-O {[%clk 00:31:27]}
{[%emt 00:01:57]} 25. Na2 {[%clk 00:08:02]} {[%emt 00:01:36]} Qd7 {[%clk
00:27:26]} {[%emt 00:04:31]} 26. c3 {[%clk 00:06:01]} {[%emt 00:02:30]} Qc6
{[%clk 00:26:46]} {[%emt 00:00:52]} 27. Re1 {[%clk 00:06:19]} {[%emt 00:00:32]}
a5 {[%clk 00:25:55]} {[%emt 00:01:21]} 28. b4 {[%clk 00:03:45]} {[%emt
00:03:04]} c4 {[%clk 00:24:38]} {[%emt 00:01:47]} 29. dxc4 {[%clk 00:03:20]}
{[%emt 00:00:55]} dxe4 {[%clk 00:24:35]} {[%emt 00:00:33]} 30. Be3 {[%clk
00:02:50]} {[%emt 00:01:00]} Rfc8 {[%clk 00:19:57]} {[%emt 00:05:08]} 31. Rad1
{[%clk 00:02:02]} {[%emt 00:01:18]} Rd8 {[%clk 00:17:59]} {[%emt 00:02:29]} 32.
b5 {[%clk 00:02:12]} {[%emt 00:00:20]} Qc7 {[%clk 00:16:49]} {[%emt 00:01:37]}
33. Qf2 {[%clk 00:02:15]} {[%emt 00:00:29]} Nc8 {[%clk 00:16:30]} {[%emt
00:00:50]} 34. Rxd8+ {[%clk 00:01:55]} {[%emt 00:00:50]} Qxd8 {[%clk 00:16:53]}
{[%emt 00:00:07]} 35. Qe2 {[%clk 00:01:57]} {[%emt 00:00:28]} Qc7 {[%clk
00:16:33]} {[%emt 00:00:50]} 36. Rd1 {[%clk 00:01:52]} {[%emt 00:00:34]} Rb8
{[%clk 00:16:25]} {[%emt 00:00:39]} 37. b3 {[%clk 00:02:03]} {[%emt 00:00:19]}
Nd6 {[%clk 00:16:17]} {[%emt 00:00:37]} 38. Qf2 {[%clk 00:02:07]} {[%emt
00:00:27]} Bc8 {[%clk 00:16:32]} {[%emt 00:00:15]} 39. Qd2 {[%clk 00:02:10]}
{[%emt 00:00:25]} Nf7 {[%clk 00:14:29]} {[%emt 00:02:32]} 40. Nc1 {[%clk
00:01:07]} {[%emt 00:01:35]} Bb7 {[%clk 00:11:09]} {[%emt 00:03:51]} 41. Qd7
{[%clk 00:00:45]} {[%emt 00:00:51]} Qc8 {[%clk 00:08:42]} {[%emt 00:02:11]} 42.
Bxb6 {[%clk 00:22:21]} {[%emt 00:09:40]} Qxd7 {[%clk 00:38:12]} {[%emt
00:01:00]} 43. Rxd7 {[%clk 00:21:50]} {[%emt 00:01:01]} Bc8 {[%clk 00:38:34]}
{[%emt 00:00:09]} 44. Ba7 {[%clk 00:20:59]} {[%emt 00:01:19]} Rb7 {[%clk
00:37:29]} {[%emt 00:01:36]} 45. Rxb7 {[%clk 00:21:13]} {[%emt 00:00:16]} Bxb7
{[%clk 00:37:51]} {[%emt 00:00:08]} 46. c5 {[%clk 00:21:00]} {[%emt 00:00:42]}
Kf8 {[%clk 00:36:46]} {[%emt 00:01:35]} 47. c6 {[%clk 00:20:19]} {[%emt
00:01:11]} Ba8 {[%clk 00:36:49]} {[%emt 00:00:28]} 48. Kf2 {[%clk 00:20:06]}
{[%emt 00:00:42]} Ke8 {[%clk 00:35:39]} {[%emt 00:01:39]} 49. Ke3 {[%clk
00:20:13]} {[%emt 00:00:23]} Kd8 {[%clk 00:35:39]} {[%emt 00:00:31]} 50. Bb6+
{[%clk 00:20:25]} {[%emt 00:00:17]} Ke7 {[%clk 00:33:23]} {[%emt 00:02:47]} 51.
Bxa5 {[%clk 00:20:24]} {[%emt 00:00:31]} Ke8 {[%clk 00:31:11]} {[%emt
00:02:41]} 52. Na2 {[%clk 00:20:37]} {[%emt 00:00:17]} Nd6 {[%clk 00:31:10]}
{[%emt 00:00:32]} 53. c4 {[%clk 00:20:31]} {[%emt 00:00:36]} Kf7 {[%clk
00:29:07]} {[%emt 00:02:33]} 54. Bb4 {[%clk 00:20:36]} {[%emt 00:00:25]} Nxf5+
{[%clk 00:28:15]} {[%emt 00:01:23]} 55. gxf5 {[%clk 00:20:59]} {[%emt
00:00:07]} g4 {[%clk 00:28:39]} {[%emt 00:00:06]} 56. hxg4 {[%clk 00:21:10]}
{[%emt 00:00:19]} Kg7 {[%clk 00:27:46]} {[%emt 00:01:23]} 57. Nc3 {[%clk
00:21:09]} {[%emt 00:00:31]} Kh6 {[%clk 00:27:47]} {[%emt 00:00:29]} 58. Nxe4
{[%clk 00:21:21]} {[%emt 00:01:17]} 1-0

[Event "DEM U12w 2024"]
[Site "Willingen GER"]
[Date "2024.05.21"]
[Round "4"]
[White "Tu, Audrey"]
[Black "Stiehler, Mara"]
[Result "1-0"]
[Termination "normal"]
[Board "4"]
[WhiteElo "1711"]
[BlackElo "1739"]
[WhiteClock "00:31:28"]
[BlackClock "00:03:43"]
[PlyCount "79"]
[WhiteFideId "34628568"]
[BlackFideId "34621199"]
[EventCountry "GER"]
[EventRounds "9"]
[EventType "swiss"]
[EventDate "2024.05.18"]

1. e4 {[%clk 01:30:58]} {[%emt 00:00:01]} e6 {[%clk 01:30:57]} {[%emt
00:00:03]} 2. d4 {[%clk 01:31:25]} {[%emt 00:00:03]} d5 {[%clk 01:31:22]}
{[%emt 00:00:05]} 3. exd5 {[%clk 01:31:49]} {[%emt 00:00:05]} exd5 {[%clk
01:31:47]} {[%emt 00:00:05]} 4. c4 {[%clk 01:32:14]} {[%emt 00:00:06]} Bb4+
{[%clk 01:32:11]} {[%emt 00:00:06]} 5. Nc3 {[%clk 01:32:31]} {[%emt 00:00:12]}
Ne7 {[%clk 01:31:10]} {[%emt 00:01:31]} 6. Nf3 {[%clk 01:31:43]} {[%emt
00:01:18]} Bg4 {[%clk 01:29:21]} {[%emt 00:02:19]} 7. h3 {[%clk 01:27:54]}
{[%emt 00:04:19]} Bf5 {[%clk 01:28:24]} {[%emt 00:01:27]} 8. Bd3 {[%clk
01:22:26]} {[%emt 00:05:59]} Be6 {[%clk 01:21:46]} {[%emt 00:07:07]} 9. Qa4+
{[%clk 01:13:16]} {[%emt 00:09:40]} Nbc6 {[%clk 01:20:54]} {[%emt 00:01:22]}
10. a3 {[%clk 01:12:41]} {[%emt 00:01:06]} dxc4 {[%clk 01:17:29]} {[%emt
00:03:55]} 11. Bxc4 {[%clk 01:10:29]} {[%emt 00:02:41]} Bxc4 {[%clk 01:16:50]}
{[%emt 00:01:08]} 12. axb4 {[%clk 01:10:18]} {[%emt 00:00:42]} O-O {[%clk
01:07:11]} {[%emt 00:10:10]} 13. b5 {[%clk 01:08:45]} {[%emt 00:02:03]} Nxd4
{[%clk 01:06:56]} {[%emt 00:00:45]} 14. Nxd4 {[%clk 01:03:59]} {[%emt
00:05:17]} Qxd4 {[%clk 01:04:39]} {[%emt 00:02:46]} 15. Be3 {[%clk 01:03:12]}
{[%emt 00:01:18]} Qd3 {[%clk 00:52:31]} {[%emt 00:12:38]} 16. Rd1 {[%clk
01:02:35]} {[%emt 00:01:06]} Qg6 {[%clk 00:50:49]} {[%emt 00:02:11]} 17. Qxc4
{[%clk 01:02:11]} {[%emt 00:00:55]} Qxg2 {[%clk 00:50:27]} {[%emt 00:00:52]}
18. Qe4 {[%clk 01:00:44]} {[%emt 00:01:57]} Qxe4 {[%clk 00:49:27]} {[%emt
00:01:30]} 19. Nxe4 {[%clk 01:00:59]} {[%emt 00:00:15]} Nf5 {[%clk 00:45:42]}
{[%emt 00:04:14]} 20. Rg1 {[%clk 00:57:54]} {[%emt 00:03:24]} Kh8 {[%clk
00:42:27]} {[%emt 00:03:57]} 21. Rg5 {[%clk 00:49:11]} {[%emt 00:09:09]} Nxe3
{[%clk 00:41:01]} {[%emt 00:01:58]} 22. fxe3 {[%clk 00:49:33]} {[%emt
00:00:09]} Rae8 {[%clk 00:40:45]} {[%emt 00:00:42]} 23. Rd4 {[%clk 00:46:28]}
{[%emt 00:03:39]} f5 {[%clk 00:39:21]} {[%emt 00:01:54]} 24. Ng3 {[%clk
00:45:32]} {[%emt 00:01:26]} Rxe3+ {[%clk 00:36:58]} {[%emt 00:02:53]} 25. Kd2
{[%clk 00:44:32]} {[%emt 00:01:30]} Rb3 {[%clk 00:33:20]} {[%emt 00:04:08]} 26.
Rxf5 {[%clk 00:40:10]} {[%emt 00:04:53]} Re8 {[%clk 00:31:39]} {[%emt
00:02:10]} 27. Re5 {[%clk 00:32:03]} {[%emt 00:08:34]} Rc8 {[%clk 00:28:54]}
{[%emt 00:03:18]} 28. Nf5 {[%clk 00:23:02]} {[%emt 00:09:31]} Rxb2+ {[%clk
00:25:53]} {[%emt 00:03:30]} 29. Kc3 {[%clk 00:21:44]} {[%emt 00:01:48]} Rf2
{[%clk 00:25:19]} {[%emt 00:01:04]} 30. Ne7 {[%clk 00:18:32]} {[%emt 00:03:42]}
Rcf8 {[%clk 00:23:11]} {[%emt 00:02:36]} 31. Rh5 {[%clk 00:17:21]} {[%emt
00:01:43]} R2f6 {[%clk 00:20:03]} {[%emt 00:03:38]} 32. Rg4 {[%clk 00:11:10]}
{[%emt 00:06:37]} Rf3+ {[%clk 00:17:11]} {[%emt 00:03:26]} 33. Kd2 {[%clk
00:09:28]} {[%emt 00:02:12]} Rf2+ {[%clk 00:17:04]} {[%emt 00:00:37]} 34. Ke3
{[%clk 00:09:30]} {[%emt 00:00:26]} R8f3+ {[%clk 00:16:36]} {[%emt 00:01:00]}
35. Ke4 {[%clk 00:09:32]} {[%emt 00:00:27]} Rf6 {[%emt 00:09:01]} 36. Re5
{[%clk 00:05:27]} Re2+ {[%clk 00:10:45]} {[%emt 00:02:26]} 37. Kd4 {[%clk
00:04:40]} {[%emt 00:01:17]} Rxe5 {[%clk 00:10:16]} {[%emt 00:00:59]} 38. Kxe5
{[%clk 00:05:04]} {[%emt 00:00:07]} Rb6 {[%clk 00:09:40]} {[%emt 00:01:05]} 39.
Rb4 {[%clk 00:04:20]} {[%emt 00:01:15]} Rh6 {[%clk 00:03:43]} {[%emt 00:06:25]}
40. Rf4 {[%clk 00:31:28]} {[%emt 00:07:41]} 1-0